[Event "FRA T II 20102011"]
[Site "FRA"]
[Date "2010.10.17"]
[Round "1.2"]
[White "Ane, Cedric"]
[Black "Chouquet, Adrien"]
[Result "0-1"]
[WhiteElo "2141"]
[BlackElo "2188"]
[PlyCount "94"]
[EventDate "2010.11.13"]
[EventType "team-match"]
[EventRounds "9"]
[EventCountry "FRA"]
[Source "FFE"]
[SourceDate "2010.10.29"]

1. e4 e6 2. Qe2 Be7 3. Nf3 Nf6 4. g3 d5 5. d3 b6 6. Bg2 Bb7 7. Nbd2 c5 8. O-O
Nc6 9. e5 Nd7 10. h4 h6 11. h5 Qc7 12. Re1 O-O-O 13. c3 Rdg8 14. a3 g6 15. hxg6
fxg6 16. b4 g5 17. b5 Nd8 18. Bb2 g4 19. Nh2 h5 20. a4 Kb8 21. a5 Nf7 22. axb6
axb6 23. d4 h4 24. Nxg4 hxg3 25. f3 cxd4 26. cxd4 Qc2 27. Nf1 Qh7 28. Bc1 Nc5
29. Qa2 Nd3 30. Rd1 Rxg4 31. fxg4 Nfxe5 32. Ba3 Nf4 33. Bxe7 Qxe7 34. Qa7+ Kc8
35. Rac1+ Nc4 36. Nxg3 Nh3+ 37. Kf1 Qf7+ 38. Nf5 exf5 39. g5 Nf4 40. Bf3 Rh3
41. Rc3 Qh7 42. Rxc4+ dxc4 43. Bxb7+ Qxb7 44. Qxb7+ Kxb7 45. g6 Rh1+ 46. Kf2
Rxd1 47. g7 Rd2+ 0-1

[Event "FRA T II 20102011"]
[Site "FRA"]
[Date "2010.10.17"]
[Round "1.5"]
[White "Rachid, Danial"]
[Black "Salaun, Nicolas"]
[Result "0-1"]
[WhiteElo "2046"]
[BlackElo "2107"]
[PlyCount "92"]
[EventDate "2010.11.13"]
[EventType "team-match"]
[EventRounds "9"]
[EventCountry "FRA"]
[Source "FFE"]
[SourceDate "2010.10.29"]

1. e4 c5 2. Nc3 e6 3. g3 d5 4. Bg2 Nf6 5. d3 Nc6 6. Nge2 a6 7. a4 Rb8 8. O-O
Be7 9. Bf4 Ra8 10. Bg5 d4 11. Nb1 Rb8 12. f4 Ng4 13. Bxe7 Qxe7 14. Rf3 Ne3 15.
Qd2 b6 16. Na3 Bb7 17. Rc1 Rd8 18. Rxe3 dxe3 19. Qxe3 Nd4 20. Nc4 b5 21. Nd2
O-O 22. Nxd4 cxd4 23. Qe2 bxa4 24. Qg4 f5 25. Qe2 Rfe8 26. Re1 Qb4 27. Nc4 Bc6
28. Ne5 Bb5 29. Kf1 Qxb2 30. exf5 exf5 31. Bh3 Rf8 32. Qh5 Be8 33. Qg5 Rb8 34.
Bxf5 Qxc2 35. Be6+ Kh8 36. Qe7 Bh5 37. Nf7+ Bxf7 38. Bxf7 Qxh2 39. Be8 Qh3+ 40.
Kf2 Rg8 41. Bf7 Rgd8 42. Be8 Qf5 43. Re5 Qf6 44. Bxa4 Rb2+ 45. Kf3 Qxe7 46.
Rxe7 Rd2 0-1

[Event "FRA T II 20102011"]
[Site "FRA"]
[Date "2010.10.17"]
[Round "1.1"]
[White "Deslandes, Pascal"]
[Black "Aveline, Philippe"]
[Result "1-0"]
[WhiteElo "2277"]
[BlackElo "2154"]
[PlyCount "89"]
[EventDate "2010.11.13"]
[EventType "team-match"]
[EventRounds "9"]
[EventCountry "FRA"]
[Source "FFE"]
[SourceDate "2010.10.29"]

1. e4 d5 2. exd5 Nf6 3. d4 Nxd5 4. Nf3 g6 5. Be2 Bg7 6. O-O O-O 7. c4 Nb6 8.
Nc3 Nc6 9. d5 Na5 10. c5 Bxc3 11. bxc3 Nxd5 12. Bh6 Nxc3 13. Qc2 Nxe2+ 14. Qxe2
Nc6 15. Rfd1 Qe8 16. Bxf8 Qxf8 17. Ne5 Be6 18. Nxc6 bxc6 19. Rab1 Bd5 20. a3 e6
21. Qe3 a5 22. a4 h5 23. Qc3 Qh6 24. Qf6 Qf8 25. Qc3 Qh6 26. Qe5 Qf8 27. Rdc1
Qh6 28. Qxc7 Qd2 29. Qe5 h4 30. h3 Rf8 31. Qe3 Qxe3 32. fxe3 Be4 33. Rb2 Rd8
34. Rc4 f5 35. Rd4 Rxd4 36. exd4 Kf7 37. Rb7+ Kf6 38. Ra7 e5 39. Rxa5 exd4 40.
Ra8 Ke7 41. a5 Kd7 42. Rg8 Kc7 43. a6 d3 44. a7 d2 45. a8=Q 1-0

[Event "FRA T II 20102011"]
[Site "FRA"]
[Date "2010.10.17"]
[Round "1.5"]
[White "Delafargue, Bertrand"]
[Black "Treguer, Pierig"]
[Result "1-0"]
[WhiteElo "2092"]
[BlackElo "1992"]
[PlyCount "87"]
[EventDate "2010.11.13"]
[EventType "team-match"]
[EventRounds "9"]
[EventCountry "FRA"]
[Source "FFE"]
[SourceDate "2010.10.29"]

1. Nf3 c5 2. c4 Nc6 3. d4 cxd4 4. Nxd4 Nf6 5. Nc3 e5 6. Ndb5 d6 7. g3 a6 8. Na3
Be7 9. Bg2 O-O 10. O-O Kh8 11. Nc2 Ne8 12. Nd5 f5 13. Be3 Be6 14. f4 Nf6 15.
Bb6 Qd7 16. Nce3 Bd8 17. Nxf6 Rxf6 18. Bxd8 Rxd8 19. fxe5 dxe5 20. Qxd7 Rxd7
21. Rad1 Nd4 22. Rfe1 Rg6 23. Nd5 f4 24. e3 Nc2 25. exf4 Nxe1 26. Rxe1 b5 27.
Rxe5 Bg8 28. f5 Rgd6 29. b3 Rd8 30. Kf2 bxc4 31. bxc4 Rc8 32. Ke3 h6 33. Kd4
Bxd5 34. Bxd5 g6 35. g4 Rf6 36. Re6 Kg7 37. Ke5 Rxe6+ 38. Bxe6 Rc6 39. f6+ Kf8
40. Kd5 Rc7 41. Kd6 Rb7 42. c5 Rb2 43. c6 Rd2+ 44. Bd5 1-0

[Event "FRA T II 20102011"]
[Site "FRA"]
[Date "2010.10.17"]
[Round "1.3"]
[White "Glod, Philippe"]
[Black "Ralle, Pierre"]
[Result "0-1"]
[WhiteElo "2182"]
[BlackElo "2103"]
[PlyCount "88"]
[EventDate "2010.11.13"]
[EventType "team-match"]
[EventRounds "9"]
[EventCountry "FRA"]
[Source "FFE"]
[SourceDate "2010.10.29"]

1. e4 e6 2. d4 d5 3. e5 c5 4. c3 Qb6 5. Nf3 Bd7 6. a3 cxd4 7. cxd4 Bb5 8. Bxb5+
Qxb5 9. Nc3 Qa6 10. b4 Bxb4 11. axb4 Qxa1 12. Nb5 Kd7 13. O-O Ne7 14. Nd6 b5
15. Ng5 Nbc6 16. Ndxf7 Qxd4 17. Qe2 Rhf8 18. Be3 Qc4 19. Qh5 d4 20. Rd1 Nf5 21.
Nxh7 Kc7 22. Rc1 Qd5 23. Bf4 g6 24. Qg5 Rxf7 25. Nf6 Qd8 26. Qxg6 Rg7 27. Qh5
Kb6 28. Qf3 Rc8 29. Qb3 Qe7 30. Ne4 Rg4 31. Nd6 Nxd6 32. exd6 Qd7 33. Bg3 e5
34. h3 Rg6 35. Qa3 Rxd6 36. Re1 Qb7 37. Qc1 Rd5 38. Qh6 Qd7 39. Qc1 a6 40. Qa3
Ra8 41. Rc1 Kb7 42. Qf3 Rd8 43. Qa3 d3 44. Ra1 Ra8 0-1

[Event "FRA T II 20102011"]
[Site "FRA"]
[Date "2010.10.17"]
[Round "1.7"]
[White "Bensaid, Alexandre"]
[Black "Hervais, Adrien"]
[Result "1-0"]
[WhiteElo "1990"]
[BlackElo "2048"]
[PlyCount "83"]
[EventDate "2010.11.13"]
[EventType "team-match"]
[EventRounds "9"]
[EventCountry "FRA"]
[Source "FFE"]
[SourceDate "2010.10.29"]

1. e4 e6 2. d4 d5 3. Nc3 Nf6 4. Bg5 Bb4 5. e5 h6 6. exf6 hxg5 7. fxg7 Rg8 8.
Qh5 Qf6 9. Nf3 Qxg7 10. O-O-O Bd6 11. Re1 g4 12. Nd2 Kf8 13. f3 f5 14. Qh4 Qxd4
15. Nb5 Qh8 16. Qd8+ Kg7 17. Qg5+ Kf7 18. Qe3 Bd7 19. fxg4 Rxg4 20. h3 Rg6 21.
Nf3 Qf6 22. Bd3 Nc6 23. g4 e5 24. gxf5 Rg3 25. Nxd6+ cxd6 26. Qf2 Rag8 27. Nd2
Rg2 28. Qf3 Ne7 29. Qh5+ Kf8 30. Ref1 R2g5 31. Qf3 Rg3 32. Qf2 R8g5 33. Qxa7
Bc6 34. h4 Rg7 35. h5 e4 36. h6 Rh7 37. Qf2 Qg5 38. f6 Ng6 39. Qb6 e3 40. Qd8+
Be8 41. Qxd6+ Kf7 42. Ne4 1-0

[Event "FRA T II 20102011"]
[Site "FRA"]
[Date "2010.10.17"]
[Round "1.5"]
[White "Legrand, Stephane"]
[Black "Orozco, Rafael"]
[Result "1-0"]
[WhiteElo "2128"]
[BlackElo "2042"]
[PlyCount "81"]
[EventDate "2010.11.13"]
[EventType "team-match"]
[EventRounds "9"]
[EventCountry "FRA"]
[Source "FFE"]
[SourceDate "2010.10.29"]

1. d4 e6 2. Nf3 d5 3. c4 Nf6 4. Nc3 Be7 5. cxd5 exd5 6. Bg5 O-O 7. e3 c6 8. Bd3
Bg4 9. Qc2 h6 10. Bh4 Na6 11. a3 Qa5 12. O-O Bxf3 13. gxf3 Rfe8 14. Rfc1 Nh5
15. Bxe7 Rxe7 16. b4 Qd8 17. Bxa6 bxa6 18. Qf5 g6 19. Qh3 Rb8 20. Na4 Qe8 21.
Rc3 Rc7 22. Nc5 Rb6 23. Rac1 Kg7 24. Na4 Rb5 25. Rc5 Nf6 26. Nb2 Rxc5 27. Rxc5
Nd7 28. Ra5 Nb8 29. Nd3 f5 30. Qg3 Re7 31. Nc5 g5 32. Nd3 Kh7 33. Ne5 Qh5 34.
Rc5 Re6 35. Nd3 Nd7 36. Qc7 Qf7 37. Rxc6 Re7 38. Qd6 Qg7 39. Qxd5 f4 40. Qf5+
Kg8 41. Rg6 1-0

[Event "FRA T II 20102011"]
[Site "FRA"]
[Date "2010.10.17"]
[Round "1.7"]
[White "Martinez, Rodolphe"]
[Black "Tilquin, Jean Pierre"]
[Result "1/2-1/2"]
[WhiteElo "1879"]
[BlackElo "1995"]
[PlyCount "82"]
[EventDate "2010.11.13"]
[EventType "team-match"]
[EventRounds "9"]
[EventCountry "FRA"]
[Source "FFE"]
[SourceDate "2010.10.29"]

1. d4 Nf6 2. Nf3 g6 3. c4 Bg7 4. Nc3 d5 5. Bg5 Ne4 6. cxd5 Nxg5 7. Nxg5 e6 8.
h4 exd5 9. e3 c6 10. Bd3 O-O 11. Qc2 h6 12. Nf3 Be6 13. Ne2 Qa5+ 14. Kf1 Nd7
15. Nf4 Rfe8 16. Nxe6 Rxe6 17. b4 Qd8 18. Rb1 a5 19. a3 axb4 20. axb4 b5 21. h5
g5 22. Bf5 Rd6 23. Bxd7 Qxd7 24. Ne1 Qc8 25. Rh3 Rd7 26. Nd3 Rda7 27. Nc5 Bf8
28. Rf3 Ra2 29. Qf5 Qxf5 30. Rxf5 Kg7 31. Nd7 Ra1 32. Rxa1 Rxa1+ 33. Ke2 Bxb4
34. Ne5 Ra2+ 35. Kf3 f6 36. Nxc6 Be1 37. Kg3 b4 38. Rxd5 Rxf2 39. Rd7+ Kf8 40.
d5 b3 41. Rd8+ Kf7 1/2-1/2

[Event "FRA T II 20102011"]
[Site "FRA"]
[Date "2010.11.13"]
[Round "2.2"]
[White "Kirk, Ezra"]
[Black "Desbonnes, Samy"]
[Result "1/2-1/2"]
[WhiteElo "2127"]
[BlackElo "2314"]
[PlyCount "79"]
[EventDate "2010.11.13"]
[EventType "team-match"]
[EventRounds "9"]
[EventCountry "FRA"]
[Source "FFE"]
[SourceDate "2010.10.29"]

1. d4 Nf6 2. c4 g6 3. Nc3 Bg7 4. g3 O-O 5. Bg2 d6 6. Nf3 c6 7. O-O Qa5 8. e4 e5
9. h3 Nbd7 10. Qc2 exd4 11. Nxd4 Nb6 12. Nce2 Re8 13. b3 Qe5 14. Bf4 Qe7 15.
Nc3 Nh5 16. Be3 Nd7 17. Rad1 Nc5 18. Rfe1 a5 19. Kh2 a4 20. b4 Ne6 21. Nxa4
Nxd4 22. Bxd4 Be6 23. c5 Bxd4 24. Rxd4 dxc5 25. bxc5 Qf6 26. Rb4 Red8 27. Rxb7
Qd4 28. Nc3 Qxc5 29. a4 Rd4 30. Qb2 Rd3 31. Rc1 Qd4 32. Rb4 Qd6 33. e5 Qxe5 34.
Ne2 Qxb2 35. Rxb2 Rxa4 36. Rxc6 Rc4 37. Ra6 Rd1 38. Rb8+ Kg7 39. Rb7 Kf6 40.
Rb2 {suite illisible} 1/2-1/2

[Event "FRA T II 20102011"]
[Site "FRA"]
[Date "2010.10.17"]
[Round "1.6"]
[White "Duboc, Antoine"]
[Black "Lemeille, Francois"]
[Result "0-1"]
[WhiteElo "2104"]
[BlackElo "2040"]
[PlyCount "72"]
[EventDate "2010.11.13"]
[EventType "team-match"]
[EventRounds "9"]
[EventCountry "FRA"]
[Source "FFE"]
[SourceDate "2010.10.29"]

1. d4 Nf6 2. c4 e6 3. Nf3 Bb4+ 4. Bd2 Qe7 5. g3 O-O 6. Bg2 Bxd2+ 7. Qxd2 d6 8.
O-O e5 9. e3 h6 10. dxe5 dxe5 11. Nc3 c6 12. h3 Rd8 13. Qe2 Bf5 14. Rfd1 Nbd7
15. e4 Bh7 16. Nh4 Nb6 17. Nf5 Bxf5 18. exf5 Qb4 19. Bf1 Rxd1 20. Rxd1 Re8 21.
g4 Na4 22. Nxa4 Qxa4 23. b3 Qa5 24. h4 h5 25. g5 Ng4 26. Bh3 e4 27. Bxg4 hxg4
28. Qxg4 e3 29. fxe3 Qc3 30. Qd4 Qc2 31. Qd3 Qxa2 32. Rd2 Qa1+ 33. Kg2 Qe1 34.
g6 fxg6 35. fxg6 Rxe3 36. Qd8+ Re8 0-1

[Event "FRA T II 20102011"]
[Site "FRA"]
[Date "2010.10.17"]
[Round "1.1"]
[White "Hure, Damien"]
[Black "Keller, Christophe"]
[Result "0-1"]
[WhiteElo "2199"]
[BlackElo "2201"]
[PlyCount "71"]
[EventDate "2010.11.13"]
[EventType "team-match"]
[EventRounds "9"]
[EventCountry "FRA"]
[Source "FFE"]
[SourceDate "2010.10.29"]

1. e4 e6 2. d4 d5 3. e5 c5 4. c3 Qb6 5. Nf3 Nc6 6. a3 Bd7 7. b4 cxd4 8. cxd4
Rc8 9. Be2 a5 10. b5 Nxd4 11. Nxd4 Rxc1 12. Qxc1 Qxd4 13. Qc3 Bc5 14. O-O Qxc3
15. Nxc3 Bd4 16. Rac1 Bxe5 17. Na4 Nf6 18. Nc5 b6 19. Na4 Bd4 20. Rc7 O-O 21.
Rb7 Bc8 22. Rc7 Bd7 23. Rfc1 Rb8 24. Ra7 Be5 25. Ra6 Bd4 26. Rc7 Kf8 27. Raa7
Ke8 28. Rab7 Kd8 29. Rxb8+ Kxc7 30. Rf8 Bc8 31. g4 Kd7 32. Kg2 Ne4 33. f3 Nc5
34. Nxc5+ Bxc5 35. Rg8 Bxa3 36. Rxg7 {suite illisible} 0-1

[Event "FRA T II 20102011"]
[Site "FRA"]
[Date "2010.10.17"]
[Round "1.8"]
[White "Mousset Evtouchenko, Nina"]
[Black "Mourgues, Joelle"]
[Result "0-1"]
[WhiteElo "1725"]
[BlackElo "1790"]
[PlyCount "72"]
[EventDate "2010.11.13"]
[EventType "team-match"]
[EventRounds "9"]
[EventCountry "FRA"]
[Source "FFE"]
[SourceDate "2010.10.29"]

1. e4 c5 2. Nc3 Nc6 3. Nf3 d6 4. g3 Nf6 5. Bg2 e6 6. O-O Be7 7. d3 O-O 8. h3 a6
9. a4 Bd7 10. b3 Rb8 11. Bb2 b5 12. axb5 axb5 13. Qd2 e5 14. Nd5 Nxd5 15. exd5
Nd4 16. Qd1 b4 17. Nd2 Qc8 18. Kh2 Nf5 19. Nc4 Qc7 20. Qd2 h6 21. f4 exf4 22.
gxf4 Bh4 23. Rf3 Rfe8 24. Rg1 Re7 25. Bf1 f6 26. Qg2 Rbe8 27. Nd2 Nd4 28. Bxd4
cxd4 29. Ne4 Bc8 30. f5 Bg5 31. Qe2 Bb7 32. Qf2 Bxd5 33. h4 Bxe4 34. dxe4 Be3
35. Rxe3 dxe3 36. Bc4+ d5+ 0-1

[Event "FRA T II 20102011"]
[Site "FRA"]
[Date "2010.10.17"]
[Round "1.3"]
[White "Bilquez, Romain"]
[Black "Lebrun, Xavier"]
[Result "1-0"]
[WhiteElo "2083"]
[BlackElo "2173"]
[PlyCount "67"]
[EventDate "2010.11.13"]
[EventType "team-match"]
[EventRounds "9"]
[EventCountry "FRA"]
[Source "FFE"]
[SourceDate "2010.10.29"]

1. e4 d6 2. d4 Nf6 3. Nc3 Nbd7 4. Nf3 e5 5. Bc4 Be7 6. Ng5 O-O 7. Bxf7+ Rxf7 8.
Ne6 Qe8 9. Nxc7 Qd8 10. Nxa8 b6 11. Be3 Ba6 12. dxe5 Nxe5 13. Nd5 Nxd5 14. Qxd5
Bc4 15. Qd2 Qxa8 16. f3 Rxf3 17. O-O-O Rf7 18. Rhe1 Be6 19. h3 Qxe4 20. Bg5
Bxg5 21. Qxg5 Qf5 22. Qd8+ Rf8 23. Qxd6 Rc8 24. Rd2 Rxc2+ 25. Rxc2 Nd3+ 26. Kd2
Nxe1 27. Qd8+ Kf7 28. Qc7+ Ke8 29. Kxe1 Qa5+ 30. Rd2 Bxa2 31. Qd7+ Kf8 32. Kf1
Bc4+ 33. Kg1 Qc5+ 34. Rf2+ 1-0

[Event "FRA T II 20102011"]
[Site "FRA"]
[Date "2010.10.17"]
[Round "1.7"]
[White "Cheymol, Eric"]
[Black "N'Kada, Alexandre"]
[Result "1-0"]
[WhiteElo "2178"]
[BlackElo "2069"]
[PlyCount "65"]
[EventDate "2010.11.13"]
[EventType "team-match"]
[EventRounds "9"]
[EventCountry "FRA"]
[Source "FFE"]
[SourceDate "2010.10.29"]

1. e4 c5 2. c3 d5 3. exd5 Qxd5 4. d4 Nf6 5. Nf3 e6 6. Bd3 Be7 7. O-O O-O 8.
dxc5 Qxc5 9. Qe2 Nc6 10. Bf4 Qh5 11. Nbd2 Nd5 12. Bg3 Rd8 13. Rad1 f5 14. c4
Nf6 15. Nb3 g5 16. Bc7 Re8 17. Rfe1 Bb4 18. Rf1 Re7 19. Be5 Ng4 20. Bd4 e5 21.
Be3 e4 22. h3 Nxe3 23. fxe3 exf3 24. Rxf3 Ne5 25. Rg3 Qxe2 26. Rxg5+ Kf8 27.
Bxe2 a5 28. a3 a4 29. Nd4 Bc5 30. Nxf5 Bxf5 31. Rxf5+ Kg7 32. Kf2 Ng6 33. Rxc5
1-0

[Event "FRA T II 20102011"]
[Site "FRA"]
[Date "2010.10.17"]
[Round "1.2"]
[White "Gervais, Victor"]
[Black "Dionisi, Thomas"]
[Result "1-0"]
[WhiteElo "2317"]
[BlackElo "2197"]
[PlyCount "63"]
[EventDate "2010.11.13"]
[EventType "team-match"]
[EventRounds "9"]
[EventCountry "FRA"]
[Source "FFE"]
[SourceDate "2010.10.29"]

1. d4 g6 2. Nf3 Bg7 3. Bf4 d6 4. e3 Nd7 5. Bc4 e5 6. dxe5 dxe5 7. Bg5 Ngf6 8.
Nc3 O-O 9. Qe2 c6 10. O-O b5 11. Bb3 Qc7 12. a4 b4 13. Nb1 Nc5 14. Nbd2 Nfe4
15. Bh4 Bg4 16. Nxe4 Nxe4 17. Rfd1 Nc5 18. h3 Bxf3 19. Qxf3 e4 20. Qe2 Bxb2 21.
Rab1 Bc3 22. Qc4 Nxb3 23. cxb3 Rfe8 24. Bg3 Qe7 25. Rd6 Rad8 26. Rbd1 Rxd6 27.
Rxd6 Rd8 28. Qxc6 Rxd6 29. Bxd6 Qd8 30. a5 Qxa5 31. Qe8+ Kg7 32. Bf8+ 1-0

[Event "FRA T II 20102011"]
[Site "FRA"]
[Date "2010.10.17"]
[Round "1.4"]
[White "Eid, Maha"]
[Black "Mouhamad, Joachin"]
[Result "1-0"]
[WhiteElo "2065"]
[BlackElo "2081"]
[PlyCount "63"]
[EventDate "2010.11.13"]
[EventType "team-match"]
[EventRounds "9"]
[EventCountry "FRA"]
[Source "FFE"]
[SourceDate "2010.10.29"]

1. d4 Nf6 2. c4 c5 3. d5 e6 4. Nc3 exd5 5. cxd5 d6 6. e4 g6 7. Be2 Bg7 8. Nf3
a6 9. a4 O-O 10. O-O Re8 11. Nd2 b6 12. Qc2 Ra7 13. Nc4 Rae7 14. Bd3 Ng4 15. f4
Bd4+ 16. Kh1 f5 17. e5 dxe5 18. fxe5 Bxe5 19. Nxe5 Rxe5 20. Bf4 Nd7 21. Bxe5
Ndxe5 22. Qd2 Qh4 23. g3 Qh3 24. Rae1 Rd8 25. Bb1 Kh8 26. Qg2 Qh6 27. Rf4 Bb7
28. Kg1 Re8 29. Re2 Nf6 30. Rf1 Nfd7 31. Ba2 Qf8 32. Rfe1 {suite illisible} 1-0

[Event "FRA T II 20102011"]
[Site "FRA"]
[Date "2010.10.17"]
[Round "1.1"]
[White "Vareille, Francois"]
[Black "Iordanov, Nikolay"]
[Result "1-0"]
[WhiteElo "2378"]
[BlackElo "2223"]
[PlyCount "64"]
[EventDate "2010.11.13"]
[EventType "team-match"]
[EventRounds "9"]
[EventCountry "FRA"]
[Source "FFE"]
[SourceDate "2010.10.29"]

1. d4 d5 2. c4 e6 3. Nc3 Nf6 4. cxd5 exd5 5. Bg5 Be7 6. e3 O-O 7. Bd3 Re8 8.
Nge2 Be6 9. O-O Nbd7 10. Nf4 Nf8 11. Qb3 Rb8 12. Bxf6 Bxf6 13. Ncxd5 Bg5 14.
Nxe6 Nxe6 15. Rad1 Kh8 16. Nc3 a6 17. Bc4 b5 18. Bd5 Rb6 19. g3 h5 20. e4 Qf6
21. f4 Bh6 22. e5 Qe7 23. Bf3 c6 24. Bxh5 g6 25. Bg4 Rd8 26. Bxe6 fxe6 27. Ne4
Rd5 28. h4 Rb8 29. Nf6 Rdd8 30. Qc2 Bg7 31. Ne4 Rd5 32. Qxc6 Qa7 1-0

[Event "FRA T II 20102011"]
[Site "FRA"]
[Date "2010.10.17"]
[Round "1.6"]
[White "Guerin, Francois"]
[Black "Imbert, Christophe"]
[Result "1/2-1/2"]
[WhiteElo "2093"]
[BlackElo "2094"]
[PlyCount "63"]
[EventDate "2010.11.13"]
[EventType "team-match"]
[EventRounds "9"]
[EventCountry "FRA"]
[Source "FFE"]
[SourceDate "2010.10.29"]

1. e4 c5 2. c3 d5 3. exd5 Qxd5 4. d4 Nf6 5. Nf3 Nc6 6. Be3 e6 7. dxc5 Qxd1+ 8.
Kxd1 Ng4 9. b4 Nxe3+ 10. fxe3 Be7 11. Nbd2 O-O 12. Nb3 Bf6 13. Kc2 a5 14. b5 a4
15. Nbd2 Nb4+ 16. cxb4 Bxa1 17. Bd3 Bf6 18. Nc4 e5 19. Nb6 Rb8 20. Nxc8 Rfxc8
21. Nd2 Bg5 22. Nc4 Rd8 23. Be4 Kf8 24. Rf1 Bf6 25. Bxh7 Ke7 26. Be4 Rh8 27. h3
Rh4 28. Bd5 Rd8 29. Nd6 Rxb4 30. Bxb7 Rxd6 31. cxd6+ Kxd6 32. Rb1 1/2-1/2

[Event "FRA T II 20102011"]
[Site "FRA"]
[Date "2010.10.17"]
[Round "1.2"]
[White "Come, Alexandre"]
[Black "Jessel, Stephen"]
[Result "1/2-1/2"]
[WhiteElo "2189"]
[BlackElo "2295"]
[PlyCount "61"]
[EventDate "2010.11.13"]
[EventType "team-match"]
[EventRounds "9"]
[EventCountry "FRA"]
[Source "FFE"]
[SourceDate "2010.10.29"]

1. e4 e6 2. d3 c5 3. g3 Nc6 4. Bg2 g6 5. f4 Bg7 6. Nf3 Nge7 7. O-O O-O 8. c3 d5
9. e5 a5 10. a4 b6 11. Na3 Ba6 12. Nb5 Na7 13. c4 dxc4 14. dxc4 Nxb5 15. axb5
Bb7 16. g4 Qxd1 17. Rxd1 Rad8 18. Be3 Bxf3 19. Bxf3 f6 20. Rd6 Nc8 21. Rxe6
fxe5 22. Bd5 exf4 23. Rd6+ Kh8 24. Rxd8 Rxd8 25. Bxf4 Bxb2 26. Re1 a4 27. Bg5
Rf8 28. Bh6 Rd8 29. Bg5 Rf8 30. Bh6 Rd8 31. Bg5 1/2-1/2

[Event "FRA T II 20102011"]
[Site "FRA"]
[Date "2010.10.17"]
[Round "1.8"]
[White "Prieur, Emilie"]
[Black "Cwiek, Perrine"]
[Result "0-1"]
[WhiteElo "1702"]
[BlackElo "1811"]
[PlyCount "62"]
[EventDate "2010.11.13"]
[EventType "team-match"]
[EventRounds "9"]
[EventCountry "FRA"]
[Source "FFE"]
[SourceDate "2010.10.29"]

1. d4 d5 2. Nf3 Nf6 3. g3 c6 4. Bg2 Bf5 5. O-O h6 6. Nc3 e6 7. Re1 Bh7 8. Nd2
Be7 9. e4 O-O 10. a3 a5 11. Nb3 Nbd7 12. Qe2 dxe4 13. Nxe4 Nxe4 14. Bxe4 Bxe4
15. Qxe4 Nf6 16. Qd3 Qd5 17. Re5 Qd7 18. Rxa5 Rxa5 19. Nxa5 Rd8 20. Be3 Ng4 21.
h3 Nxe3 22. fxe3 Qc7 23. Qd2 Qxg3+ 24. Kf1 Qxh3+ 25. Kg1 Rd5 26. Kf2 Qh2+ 27.
Ke1 Qg1+ 28. Ke2 Qxa1 29. c4 Rh5 30. Kd3 Qf1+ 31. Kc2 Qf5+ 0-1

[Event "FRA T II 20102011"]
[Site "FRA"]
[Date "2010.10.17"]
[Round "1.5"]
[White "Bulcourt, Nicolas"]
[Black "Mandarin, Vitomir"]
[Result "0-1"]
[WhiteElo "1962"]
[BlackElo "2170"]
[PlyCount "58"]
[EventDate "2010.11.13"]
[EventType "team-match"]
[EventRounds "9"]
[EventCountry "FRA"]
[Source "FFE"]
[SourceDate "2010.10.29"]

1. d4 d5 2. Bf4 e6 3. e3 Bd6 4. Bg3 Nf6 5. Nd2 O-O 6. Bd3 Nc6 7. Ngf3 Ng4 8. c3
f5 9. Qe2 a6 10. h3 Nh6 11. Ne5 Bd7 12. Ndf3 Be8 13. Nxc6 Bxc6 14. Ne5 Be8 15.
Bh2 c5 16. O-O-O b5 17. f4 c4 18. Bb1 b4 19. cxb4 Bxb4 20. g4 c3 21. b3 Qa5 22.
Rd3 Bb5 23. Qc2 Nf7 24. gxf5 Nxe5 25. fxe5 Rxf5 26. Bf4 Rc8 27. Rg1 Bxd3 28.
Qxd3 c2 29. Bxc2 Qxa2 0-1

[Event "FRA T II 20102011"]
[Site "FRA"]
[Date "2010.10.17"]
[Round "1.6"]
[White "Brionne, Thierry"]
[Black "Cavelius, Pierre"]
[Result "0-1"]
[WhiteElo "2139"]
[BlackElo "2028"]
[PlyCount "58"]
[EventDate "2010.11.13"]
[EventType "team-match"]
[EventRounds "9"]
[EventCountry "FRA"]
[Source "FFE"]
[SourceDate "2010.10.29"]

1. d4 Nf6 2. c4 e6 3. Nc3 c5 4. d5 exd5 5. cxd5 d6 6. e4 g6 7. f4 Bg7 8. Be2
Qe7 9. Bf3 O-O 10. Nge2 Na6 11. O-O Rb8 12. a4 Nb4 13. e5 Ne8 14. Ne4 b6 15.
exd6 Nxd6 16. Nxd6 Qxd6 17. Nc3 Bf5 18. Be3 Nc2 19. Qd2 Nxa1 20. Rxa1 Rfe8 21.
Kh1 a6 22. Bf2 b5 23. g4 Bxc3 24. bxc3 Be4 25. Bxe4 Rxe4 26. f5 Rbe8 27. Bg3
Qd7 28. Re1 Rxe1+ 29. Bxe1 Re5 0-1

[Event "FRA T II 20102011"]
[Site "FRA"]
[Date "2010.10.17"]
[Round "1.5"]
[White "Ballester, Alexandre"]
[Black "Mehaibia, Azzedine"]
[Result "0-1"]
[WhiteElo "2161"]
[BlackElo "2168"]
[PlyCount "56"]
[EventDate "2010.11.13"]
[EventType "team-match"]
[EventRounds "9"]
[EventCountry "FRA"]
[Source "FFE"]
[SourceDate "2010.10.29"]

1. e4 c5 2. Nf3 g6 3. d4 cxd4 4. Nxd4 Bg7 5. Nc3 Nc6 6. Be3 Nf6 7. Bc4 O-O 8.
Bb3 a5 9. O-O a4 10. Nxa4 Nxe4 11. Re1 d5 12. Nxc6 bxc6 13. f3 Nf6 14. Nb6 Rb8
15. Nxc8 Rxc8 16. Qd2 c5 17. Bh6 Bxh6 18. Qxh6 c4 19. Ba4 Qb6+ 20. Qe3 d4 21.
Qxe7 Ra8 22. b3 d3+ 23. Qe3 Qxe3+ 24. Rxe3 d2 25. Rd1 Rfd8 26. Re2 c3 27. Re5
Kg7 28. Kf2 h5 {suite illisible} 0-1

[Event "FRA T II 20102011"]
[Site "FRA"]
[Date "2010.10.17"]
[Round "1.6"]
[White "Denous, Cyprien"]
[Black "Guigon, Olivier"]
[Result "1-0"]
[WhiteElo "1988"]
[BlackElo "2092"]
[PlyCount "53"]
[EventDate "2010.11.13"]
[EventType "team-match"]
[EventRounds "9"]
[EventCountry "FRA"]
[Source "FFE"]
[SourceDate "2010.10.29"]

1. e4 e5 2. Nf3 Nc6 3. d4 exd4 4. Nxd4 Bb4+ 5. c3 Bc5 6. Be3 Bb6 7. Be2 Nf6 8.
Nd2 d5 9. Nxc6 bxc6 10. Bxb6 cxb6 11. e5 Nd7 12. f4 O-O 13. O-O Re8 14. Nf3 Qe7
15. Nd4 Bb7 16. Nf5 Qf8 17. Nd6 Reb8 18. Bf3 Kh8 19. c4 dxc4 20. Qd4 c5 21.
Qxc4 Bxf3 22. Nxf7+ Kg8 23. Nd6+ Kh8 24. Rxf3 a6 25. Nf7+ Kg8 26. Ng5+ Kh8 27.
Qd3 1-0

[Event "FRA T II 20102011"]
[Site "FRA"]
[Date "2010.10.17"]
[Round "1.7"]
[White "Heimann, Udo"]
[Black "San Marco, Jean"]
[Result "0-1"]
[WhiteElo "1951"]
[BlackElo "2019"]
[PlyCount "54"]
[EventDate "2010.11.13"]
[EventType "team-match"]
[EventRounds "9"]
[EventCountry "FRA"]
[Source "FFE"]
[SourceDate "2010.10.29"]

1. f4 d5 2. Nf3 c5 3. e3 Nc6 4. Be2 Nf6 5. d3 e6 6. O-O Bd6 7. Qe1 O-O 8. Nc3
b6 9. e4 dxe4 10. dxe4 e5 11. f5 Nd4 12. Bd3 c4 13. Bxc4 Nxc2 14. Qe2 Nxa1 15.
Bg5 Bb7 16. Rxa1 Rc8 17. Rd1 Bc5+ 18. Kh1 Qe7 19. Bb5 Rfd8 20. Nd5 Bxd5 21.
exd5 e4 22. Bxf6 exf3 23. Qxe7 Bxe7 24. Bxe7 Rxd5 25. Rf1 fxg2+ 26. Kxg2 Rxb5
27. Rf2 f6 0-1

[Event "FRA T II 20102011"]
[Site "FRA"]
[Date "2010.10.17"]
[Round "1.2"]
[White "Gollain, Marc"]
[Black "Verat, Laurent"]
[Result "0-1"]
[WhiteElo "2218"]
[BlackElo "2339"]
[PlyCount "52"]
[EventDate "2010.11.13"]
[EventType "team-match"]
[EventRounds "9"]
[EventCountry "FRA"]
[Source "FFE"]
[SourceDate "2010.10.29"]

1. Nf3 Nf6 2. c4 e6 3. Nc3 d5 4. d4 Bb4 5. cxd5 exd5 6. Bg5 h6 7. Bh4 g5 8. Bg3
Ne4 9. Nd2 Nxc3 10. bxc3 Bxc3 11. Rc1 Bb2 12. Rc2 Bxd4 13. Bxc7 Qd7 14. Nf3 Bg7
15. Ne5 Qe6 16. e4 O-O 17. Qxd5 Qxd5 18. exd5 Re8 19. Re2 Na6 20. Bd6 Rd8 21.
Ba3 Rxd5 22. Nc4 Bc3+ 23. Nd2 Bf5 24. g3 Rad8 25. Bc1 Nb4 26. Bg2 Nd3+ 0-1